Normal view
MARC view
- هلال،محمد عبد الغني حسن
Entry Personal Name
001 - CONTROL NUMBER
- control field: 34251
003 - CONTROL NUMBER IDENTIFIER
- control field: JO-AjAnu
005 - DATE AND TIME OF LATEST TRANSACTION
- control field: 20230606075735.0
008 - FIXED-LENGTH DATA ELEMENTS
- fixed length control field: 230606|| aca||aabn | a|a d
040 ## - CATALOGING SOURCE
- Original cataloging agency: JO-AjAnu
- Transcribing agency: JO-AjAnu
100 ## - HEADING--PERSONAL NAME
- Personal name: هلال،محمد عبد الغني حسن
670 ## - SOURCE DATA FOUND
- Source citation: Work cat.: (JO-AjAnu)17590: هلال،محمد عبد الغني حسن, author, فنون ومهارات البيع=Arts and Selling Skills: استراتيجيات البيع المتقدمة